00324nam a2200121Ia 4500008004100000041000800041082001700049100002400066245003700090260003200127300003200159365001100191240624s9999 xx 000 0 und d aeng a658.0495 RON aRONDINELLI DENNIS A aGLOBALIZATION AND CHANGE IN ASIA c2008aNew DelhibViva Books aviii, : 279 : p. : cm. ; 23 cRSb32